English Club beginning with: B - Statistics

General Stats
  • This quiz has been taken 35 times
  • The average score is 10 of 14
Answer Stats
League Answer % Correct
Premier League Burnley
93%
Championship Birmingham
86%
Premier League Bournemouth
86%
Premier League Brentford
83%
Premier League Brighton
83%
Championship Bristol City
76%
League One Bristol Rovers
76%
League One Bolton
72%
Championship Blackburn Rovers
69%
League One Barnsley
66%
League One Blackpool
66%
League Two Bradford City
59%
League One Burton Albion
52%
League Two Barrow
28%
No matching quizzes found
Score Distribution
Percent of People with Each Score
Percentile by Number Answered
Your Score History
You have not taken this quiz